Física General / (Record no. 23607)

000 -CABECERA
fixed length control field 01207nam a22002897i 4500
003 - IDENTIFICADOR DEL NÚMERO DE CONTROL
control field AR-CdUCM
008 - DATOS DE LONGITUD FIJA--INFORMACIÓN GENERAL
fixed length control field 260420b 2017pe ado|| |||| 00| 0 spa d
020 ## - NÚMERO INTERNACIONAL ESTÁNDAR DEL LIBRO
ISBN 978-612-304-524-1
040 ## - FUENTE DE LA CATALOGACIÓN
Agencia/entidad que catalogó originalmente la obra MUNICIPALIDAD PROVINCIAL DEL CUSCO
Entidad que transcribió la catalogación BIBLIOTECA MUNICIPAL DEL CUSCO
082 ## - NÚMERO DE LA CLASIFICACIÓN DECIMAL DEWEY
No. de Clasificación 530
Notacion interna C32
100 ## - ENTRADA PRINCIPAL--NOMBRE DE PERSONA
Nombre Personal Casado Márquez, Martín
245 ## - MENCIÓN DE TÍTULO
Título Física General /
260 ## - PUBLICACIÓN, DISTRIBUCIÓN, ETC.
Lugar de publicación, distribución, etc. Miraflores, Lima, Perú :
Nombre de la editorial, distribuidor, etc. Empresa Editora Macro
Fecha de publicación, distribución, etc. 2017
300 ## - DESCRIPCIÓN FÍSICA
Nº de Páginas Extensión 496 páginas. :
Dimensiones 17,5x25 cm.
500 ## - NOTA GENERAL
Bibliografía Bibliografía : páginas del 493 - 494
505 ## - NOTA DE CONTENIDO CON FORMATO
Nota de contenido formateada Cinemática de la partícula -- Cinética de la partícula -- Cinética del cuerpo rígido -- Equilibrio -- Sistemas de partículas -- Medición e incertidumbre -- Errores en medición -- Elección de instrumentos de medición -- Método de la segunda ley de Newton -- Estática -- Introducción a la teoría de la elasticidad -- Gravitación
650 ## - PUNTO DE ACCESO ADICIONAL DE MATERIA--TÉRMINO DE MATERIA
Descriptor Física
9 (RLIN) 2382
650 ## - PUNTO DE ACCESO ADICIONAL DE MATERIA--TÉRMINO DE MATERIA
Descriptor Partícula
9 (RLIN) 52589
650 ## - PUNTO DE ACCESO ADICIONAL DE MATERIA--TÉRMINO DE MATERIA
Descriptor Equilibrio
9 (RLIN) 20316
650 ## - PUNTO DE ACCESO ADICIONAL DE MATERIA--TÉRMINO DE MATERIA
Descriptor Medición
9 (RLIN) 8633
650 ## - PUNTO DE ACCESO ADICIONAL DE MATERIA--TÉRMINO DE MATERIA
Descriptor Estática
9 (RLIN) 52590
650 ## - PUNTO DE ACCESO ADICIONAL DE MATERIA--TÉRMINO DE MATERIA
Descriptor Gravitación
9 (RLIN) 52591
856 ## - LOCALIZACIÓN Y ACCESO ELECTRÓNICOS
Dirección electrónica www.editorialmacro.com
942 ## - ELEMENTOS DE PUNTO DE ACCESO ADICIONAL (KOHA)
Fuente de clasificación
Tipo de item Libros-BMC
945 ## - PROCESAMIENTO DE INFORMACIÓN LOCAL (OCLC)
Catalogador esh
AAAA-MM-DD - Fecha de ingreso o modificacion 20-04-2026
Holdings
Estado de retiro (separado) Fuente de clasificación o esquema de estanterías Estado dañado Ubicación Sala donde se ubica Nombre de la colección Fecha de adquisición o compra Fuente de adquisición Costo, precio normal en soles Signatura topográfica Código de Barras Última vez visto (Koha) Tipo de ítem (Koha)
No     Sala Ciencias Sala Ciencias Book Cart 2026-04-20 Donación 60.00 530 / C32 SC0000002466 2026-04-20 Libros-BMC

Powered by Koha